000 00336nam a22001337a 4500
008 171009b xxu||||| |||| 00| 0 eng d
020 _a0943158796
041 _aeng
080 _a159.9
100 _a49
101 _aPSI
245 _aCONTEXTUAL FAMILY THERAPY: ASSESSMENT AND INTERVENTION PROCEDURES
_cGOLDENTHAL,P
942 _2udc
_cBK
999 _c32447
_d32447